Perspectives on Evaluating Criminal Justice and Corrections

Detalles Bibliográficos
Autor principal: Bowen, Erica
Otros Autores: Brown, Sarah
Formato: eBook
Lenguaje:inglés
Publicado: Bingley: Emerald Group Publishing Limited, 2012
Materias:
Acceso en línea:Acceso restringido

MARC

LEADER 00000nam a22000007a 4500
005 20210218232116.0
007 cr|||| ||||
008 210218s2012 us |||||s|||| 00||0 eng d
020 |a 978-1-78052-644-7 
035 |a 32000 
040 |a vLex 
090 |c 11187  |d 11187 
100 1 |a Bowen, Erica 
245 1 0 |a Perspectives on Evaluating Criminal Justice and Corrections  |h [Recurso electrn̤ico] /  |c Erica Bowen, Sarah Brown 
256 |a Servicio en ln̕ea 
260 |a Bingley:  |b Emerald Group Publishing Limited,  |c 2012 
300 |a 1 recurso electrn̤ico 
506 1 |a Disponible solo en los productos indicados  |d vLex Global  |d vLex Global (Academic Edition, excluding Law Schools)  |d vLex Global (Academic Edition, Law Schools) 
650 0 4 |a Derecho Penal  |z Estados Unidos 
650 0 4 |a Ciencias sociales  |z Estados Unidos 
700 1 |a Brown, Sarah 
740 0 |a vLex Libros (Servicio en ln̕ea) 
856 4 0 |u http://vlex.com/source/32000  |z Acceso restringido 
942 |c BOOK 
999 0 |a Criminal Law 
999 0 |a Social Sciences